| 000 | 00664nam a22002297a 4500 | ||
|---|---|---|---|
| 005 | 20170124105957.0 | ||
| 010 | _aA-878984 | ||
| 020 |
_c00.00 _a817058167 |
||
| 035 | _aA-878984 | ||
| 037 | _bCen Lib/Ret | ||
| 040 |
_aDPL _bEN |
||
| 082 |
_a181.499 _bAUR |
||
| 100 |
_aAurobindo, Sri _912069 |
||
| 245 |
_aBande Mataram : _cby Sri Aurobindo _bearly political writtings / |
||
| 260 |
_aPondicherry _bSri Aurobindo Ashram _c1995 |
||
| 270 | _bPondicherry | ||
| 300 |
_a917p. _c22cm(Hb) |
||
| 500 | _a | ||
| 650 |
_aBritish Occupation of India (1765-1947) _9104385 |
||
| 650 |
_aNationalism _9104386 |
||
| 942 |
_2ddc _cEN _h181.499 _mAUR |
||
| 999 |
_c125574 _d125574 |
||